| 000 | 00000nam##2200000za#4500 |
| 001 | 9.574727 |
| 003 | CaOODSP |
| 005 | 20210624184326 |
| 007 | cr ||||||||||| |
| 008 | 150406|1997||||xxc|||||o f|0| 0 eng|d |
| 022 | |a1205-9153 |
| 040 | |aCaOODSP|beng |
| 043 | |an-cn--- |
| 086 | 1 |aCS11-0019/66E-PDF |
| 245 | 00|aDivergent inequalities : |h[electronic resource]|btheory and empirical results / |cby Michael C. Wolfson. |
| 250 | |aRev. July 1997 |
| 260 | |aOttawa - Ontario : |bStatistics Canada |cMay 1995. |
| 300 | |a32p.|bfigs., graphs, references, tables |
| 490 | 1 |aAnalytical Studies Branch research paper series|x1205-9153|vNo. 66 |
| 500 | |aThe catalogue number (11F0019MPE), ISBN (0-662-21717-9) and ISSN (1200-5223) for the print edition have been incorrectly copied in this electronic publication. |
| 590 | |a12-34-Supp|b2012-07-31 |
| 710 | 2 |aStatistics Canada. |
| 720 | 1 |aWolfson, Michael C. |
| 775 | 08|tMesures d'inégalité divergentes : |w(CaOODSP)9.604462 |
| 830 | #0|aResearch paper series (Statistics Canada. Analytical Studies Branch)|x1205-9153|vNo. 66|w(CaOODSP)9.504421 |
| 856 | 40|ahttp://publications.gc.ca|qPDF|s116 KB|uhttps://publications.gc.ca/collections/collection_2012/statcan/11f0019m/11f0019m1997066-eng.pdf|yNo. 66 |